[Event "Sharjah op"]
[Site "Sharjah"]
[Date "2014.11.20"]
[Round "6"]
[White "Faisal, Abdulla Kashwani"]
[Black "Ayyad, Husain Abdulgalil"]
[Result "1-0"]
[WhiteElo "2316"]
[BlackElo "2171"]
[PlyCount "74"]
[EventDate "2014.11.15"]
[EventType "swiss"]
[EventRounds "9"]
[EventCountry "UAE"]
[SourceTitle "CBM 163 Extra"]
[Source "ChessBase"]
[SourceDate "2014.12.23"]
[SourceVersion "1"]
[SourceVersionDate "2014.12.23"]
[SourceQuality "1"]

1. e4 e5 2. Nf3 Nc6 3. Bb5 a6 4. Ba4 Nf6 5. 0-0 b5 6. Bb3 Be7 7. d3 0-0 8. a4 Bb7 9. Re1 d6 10. Nbd2 Na5 11. Ba2 c5 12. Nf1 h6 13. Ne3 Re8 14. Bd2 c4 15. Bc3 Qb6 16. Nd2 cxd3 17. cxd3 b4 18. Ndc4 Nxc4 19. Nxc4 Qc5 20. Bd2 d5 21. Nxe5 Qd4 22. Nf3 Qxb2 23. e5 Ne4 24. dxe4 dxe4 25. e6 Red8 26. exf7+ Kf8 27. Qb3 Rxd2 28. Nxd2 Qxd2 29. Rad1 Qg5 30. Qg3 Rc8 31. Rd7 Bc6 32. Rc7 Rxc7 33. Qxc7 Qd2 34. Qc8+ Bd8 35. Rf1 Qd6 36. Bb3 e3 37. fxe3 Qd3 1-0

[Event "Sharjah op"]
[Site "Sharjah"]
[Date "2014.11.18"]
[Round "4"]
[White "Faisal, Abdulla Kashwani"]
[Black "Khusraw"]
[Result "1-0"]
[WhiteElo "2316"]
[BlackElo "1769"]
[PlyCount "29"]
[EventDate "2014.11.15"]
[EventType "swiss"]
[EventRounds "9"]
[EventCountry "UAE"]
[SourceTitle "CBM 163 Extra"]
[Source "ChessBase"]
[SourceDate "2014.12.23"]
[SourceVersion "1"]
[SourceVersionDate "2014.12.23"]
[SourceQuality "1"]

1. e4 c5 2. Nf3 d6 3. d4 cxd4 4. Nxd4 Nf6 5. Nc3 a6 6. Bg5 e6 7. f4 Be7 8. Qf3 Qc7 9. 0-0-0 b5 10. Bxf6 gxf6 11. e5 Bb7 12. Qh5 0-0 13. Bd3 f5 14. Nxf5 Rd8 15. Nh6+ 1-0

[Event "Sharjah op"]
[Site "Sharjah"]
[Date "2014.11.16"]
[Round "2"]
[White "Faisal, Abdulla Kashwani"]
[Black "El Jawich, Amro"]
[Result "1-0"]
[WhiteElo "2316"]
[BlackElo "2249"]
[PlyCount "69"]
[EventDate "2014.11.15"]
[EventType "swiss"]
[EventRounds "9"]
[EventCountry "UAE"]
[SourceTitle "CBM 163 Extra"]
[Source "ChessBase"]
[SourceDate "2014.12.23"]
[SourceVersion "1"]
[SourceVersionDate "2014.12.23"]
[SourceQuality "1"]

1. e4 c5 2. Nf3 d6 3. d4 cxd4 4. Nxd4 Nf6 5. Nc3 Nc6 6. g3 g6 7. Bg2 Bd7 8. 0-0 Bg7 9. Nde2 0-0 10. h3 Rb8 11. Be3 b5 12. f4 b4 13. Nd5 a6 14. Kh2 Nxd5 15. exd5 Na5 16. Bd4 Bb5 17. Re1 Bxe2 18. Rxe2 Qc7 19. Bxg7 Kxg7 20. Qd4+ Kg8 21. Rae1 Rfe8 22. b3 Rb5 23. f5 gxf5 24. Qf4 Qd7 25. Qg5+ Kf8 26. Qh6+ Kg8 27. g4 fxg4 28. Be4 f5 29. Qg5+ Kh8 30. Bxf5 g3+ 31. Kg2 Qb7 32. Qh5 Qxd5+ 33. Re4 Qg8 34. Rg4 Qd5+ 35. Kxg3 1-0

[Event "Asia Clubs"]
[Site "Al Ain"]
[Date "2014.06.24"]
[Round "4.2"]
[White "Faisal, Abdulla Kashwani"]
[Black "Lane, Gary William"]
[Result "1-0"]
[WhiteElo "2270"]
[BlackElo "2354"]
[PlyCount "117"]
[EventDate "2014.06.21"]
[EventType "team-tourn"]
[EventRounds "7"]
[EventCountry "UAE"]
[SourceTitle "CBM 161 Extra"]
[Source "ChessBase"]
[SourceDate "2014.08.29"]
[SourceVersion "1"]
[SourceVersionDate "2014.08.29"]
[SourceQuality "1"]
[WhiteTeam "Al Ain"]
[BlackTeam "Western Sydney"]
[WhiteTeamCountry "UAE"]
[BlackTeamCountry "AUS"]

1. e4 e5 2. Nf3 Nc6 3. Bb5 a6 4. Ba4 Nge7 5. 0-0 g6 6. c3 Bg7 7. d4 exd4 8. cxd4 b5 9. Bb3 d6 10. h3 0-0 11. Nc3 Na5 12. Bc2 Bb7 13. Bg5 h6 14. Bh4 Nc4 15. Bb3 Nxb2 16. Qb1 g5 17. Bg3 c5 18. Qxb2 cxd4 19. Nd5 Nxd5 20. exd5 d3 21. Qd2 Bxa1 22. Rxa1 f5 23. Qxd3 Qf6 24. Rd1 Rac8 25. Nd4 f4 26. Bh2 Rfe8 27. Kh1 Rc5 28. Ne6 Rc3 29. Qd2 a5 30. f3 a4 31. Bc2 Ra3 32. Be4 Rxe6 33. dxe6 Bxe4 34. fxe4 Qxe6 35. e5 Qxe5 36. Bg1 f3 37. Bh2 Qe6 38. Bxd6 fxg2+ 39. Kg1 Rxa2 40. Qd4 Re2 41. Bc5 Re1+ 42. Rxe1 Qxe1+ 43. Kxg2 Qe2+ 44. Kg3 Kh7 45. Qd5 Qe1+ 46. Bf2 Qc3+ 47. Kg2 Qb2 48. Qf7+ Qg7 49. Qf5+ Qg6 50. Qd7+ Kg8 51. Qxb5 Qe4+ 52. Kg1 Qf3 53. Qe8+ Kh7 54. Qxa4 Qxh3 55. Qe4+ Kg7 56. Qe7+ Kg6 57. Qe8+ Kf6 58. Bd4+ Kf5 59. Qd7+ 1-0

[Event "Asia Clubs"]
[Site "Al Ain"]
[Date "2014.06.23"]
[Round "3.3"]
[White "Zhang, Xiaowen"]
[Black "Faisal, Abdulla Kashwani"]
[Result "0-1"]
[WhiteElo "2383"]
[BlackElo "2270"]
[PlyCount "74"]
[EventDate "2014.06.21"]
[EventType "team-tourn"]
[EventRounds "7"]
[EventCountry "UAE"]
[SourceTitle "CBM 161 Extra"]
[Source "ChessBase"]
[SourceDate "2014.08.29"]
[SourceVersion "1"]
[SourceVersionDate "2014.08.29"]
[SourceQuality "1"]
[WhiteTeam "Shanghai CC"]
[BlackTeam "Al Ain"]
[WhiteTeamCountry "CHN"]
[BlackTeamCountry "UAE"]

1. e4 c5 2. Nf3 e6 3. d4 cxd4 4. Nxd4 a6 5. Bd3 Bc5 6. Nb3 Ba7 7. Qe2 Nc6 8. Be3 d6 9. N1d2 Nf6 10. 0-0 0-0 11. a4 e5 12. Bxa7 Rxa7 13. Nc4 Be6 14. a5 Bxc4 15. Bxc4 Ra8 16. Rfd1 Qc7 17. Ra4 Rac8 18. c3 Rfd8 19. Bd5 Ne7 20. Rb4 Nexd5 21. exd5 Nd7 22. Ra1 Qb8 23. Rh4 Nf6 24. Qd3 Re8 25. Nd2 Rc5 26. c4 b5 27. axb6 Qxb6 28. Qb3 Rb8 29. Rxa6 Qd8 30. Qc2 Ra5 31. Rxa5 Qxa5 32. b3 Qa1+ 33. Nf1 h6 34. Rh3 Ra8 35. Rg3 Nh5 36. Rf3 Nf4 37. g3 Qxf1+ 0-1

[Event "Wch Blitz 8th"]
[Site "Dubai"]
[Date "2014.06.20"]
[Round "17"]
[White "Faisal, Abdulla Kashwani"]
[Black "Lenic, Luka"]
[Result "0-1"]
[WhiteElo "2270"]
[BlackElo "2659"]
[PlyCount "116"]
[EventDate "2014.06.19"]
[EventType "swiss (blitz)"]
[EventRounds "21"]
[EventCountry "UAE"]
[SourceTitle "CBM 160 Extra"]
[Source "ChessBase"]
[SourceDate "2014.07.01"]
[SourceVersion "1"]
[SourceVersionDate "2014.07.01"]
[SourceQuality "1"]

1. e4 c6 2. c4 d5 3. exd5 cxd5 4. cxd5 Nf6 5. Nc3 Nxd5 6. Nf3 Nc6 7. Bb5 e6 8. 0-0 Be7 9. d4 0-0 10. Re1 Nf6 11. Bg5 Nb4 12. Ne5 a6 13. Be2 h6 14. Bh4 Bd7 15. Bf3 Bc6 16. Nxc6 bxc6 17. Rc1 Rb8 18. a3 Nbd5 19. b4 a5 20. bxa5 Qxa5 21. Na4 Ra8 22. Nc5 Qxa3 23. Bxd5 cxd5 24. Bxf6 Bxf6 25. Nd7 Bg5 26. Rb1 Rfd8 27. Ne5 Bf6 28. Nf3 Rab8 29. h3 Rdc8 30. Rxb8 Rxb8 31. Qc2 Qb3 32. Qc7 Qb7 33. Qf4 Qb4 34. h4 Rc8 35. Ra1 Qb2 36. Ra7 Qc1+ 37. Qxc1 Rxc1+ 38. Kh2 g5 39. hxg5 hxg5 40. Kg3 Rc2 41. Ne5 Bxe5+ 42. dxe5 Re2 43. f4 gxf4+ 44. Kxf4 Re4+ 45. Kg5 Rxe5+ 46. Kf6 Rf5+ 47. Ke7 Kg7 48. Ra3 Rf2 49. Rg3+ Kh6 50. Rg8 Kh5 51. Kd6 d4 52. Ke5 d3 53. Rd8 d2 54. g3 Kg4 55. Rd3 Re2+ 56. Kf6 Rf2+ 57. Ke5 Rf5+ 58. Ke4 Rd5 0-1

[Event "Wch Blitz 8th"]
[Site "Dubai"]
[Date "2014.06.20"]
[Round "18"]
[White "Tkachiev, Vladislav"]
[Black "Faisal, Abdulla Kashwani"]
[Result "1-0"]
[WhiteElo "2625"]
[BlackElo "2270"]
[PlyCount "95"]
[EventDate "2014.06.19"]
[EventType "swiss (blitz)"]
[EventRounds "21"]
[EventCountry "UAE"]
[SourceTitle "CBM 160 Extra"]
[Source "ChessBase"]
[SourceDate "2014.07.01"]
[SourceVersion "1"]
[SourceVersionDate "2014.07.01"]
[SourceQuality "1"]

1. d4 Nf6 2. c4 e6 3. Nf3 b6 4. a3 Bb7 5. Nc3 d5 6. Bg5 Be7 7. e3 Nbd7 8. Qc2 h6 9. Bh4 0-0 10. cxd5 exd5 11. Bd3 c5 12. 0-0 Re8 13. Rad1 Ne4 14. Bg3 Nxg3 15. hxg3 Nf6 16. dxc5 bxc5 17. Bc4 Bf8 18. Qb3 dxc4 19. Qxb7 Qa5 20. Qc6 Rab8 21. Qa4 Qc7 22. Rb1 Ne4 23. Qxc4 Nxc3 24. Qxc3 g6 25. Rfc1 Qd8 26. b3 Rc8 27. Rd1 Qb6 28. Rd7 Bg7 29. Qc4 Rf8 30. Rbd1 Rcd8 31. Rxd8 Rxd8 32. Rxd8+ Qxd8 33. Qxc5 Qd1+ 34. Kh2 Qxb3 35. Qxa7 Qd5 36. a4 Qa2 37. e4 g5 38. a5 g4 39. Nh4 Bf6 40. Nf5 Qe6 41. Qb7 h5 42. a6 h4 43. a7 hxg3+ 44. Nxg3 Be5 45. a8Q+ Kg7 46. Qb1 Qh6+ 47. Kg1 Qf4 48. Nh5+ 1-0

[Event "Wch Blitz 8th"]
[Site "Dubai"]
[Date "2014.06.19"]
[Round "7"]
[White "Ganguly, Surya Shekhar"]
[Black "Faisal, Abdulla Kashwani"]
[Result "1-0"]
[WhiteElo "2619"]
[BlackElo "2270"]
[PlyCount "83"]
[EventDate "2014.06.19"]
[EventType "swiss (blitz)"]
[EventRounds "21"]
[EventCountry "UAE"]
[SourceTitle "CBM 160 Extra"]
[Source "ChessBase"]
[SourceDate "2014.07.01"]
[SourceVersion "1"]
[SourceVersionDate "2014.07.01"]
[SourceQuality "1"]

1. e4 c5 2. Nf3 e6 3. d4 cxd4 4. Nxd4 a6 5. Be2 Nf6 6. Nc3 Qc7 7. 0-0 Nc6 8. Be3 Bb4 9. Na4 Bd6 10. Nxc6 dxc6 11. Nb6 Rb8 12. g3 Nxe4 13. Qd4 Nf6 14. Nc4 Be7 15. Bf4 Qd7 16. Rad1 Qxd4 17. Rxd4 Ra8 18. Rd3 Nd5 19. Rxd5 exd5 20. Nb6 Bh3 21. Nxa8 Bxf1 22. Kxf1 Bd8 23. Bg4 g6 24. Bc8 b5 25. Bd6 Bf6 26. Nb6 Bxb2 27. Bd7+ Kd8 28. Bxc6 Bd4 29. Nxd5 Bg7 30. Ke2 f5 31. Kd3 h5 32. h4 g5 33. Be7+ Kc8 34. Bxg5 Bh6 35. Bf6 Rf8 36. f4 Rf7 37. Be5 Bg7 38. Be8 Ra7 39. Bd6 Bh6 40. Bc5 Rh7 41. Bg6 Rh8 42. Bxf5+ 1-0

[Event "Arab-ch"]
[Site "Abu Dhabi"]
[Date "2013.12.12"]
[Round "5"]
[White "Faisal, Abdulla Kashwani"]
[Black "Al Qudaimi, Basheer"]
[Result "1/2-1/2"]
[WhiteElo "2247"]
[BlackElo "2395"]
[PlyCount "57"]
[EventDate "2013.12.08"]
[EventType "swiss"]
[EventRounds "9"]
[EventCountry "UAE"]
[SourceTitle "CBM 157 Extra"]
[Source "ChessBase"]
[SourceDate "2013.12.19"]
[SourceVersion "1"]
[SourceVersionDate "2013.12.19"]
[SourceQuality "1"]

1. e4 e5 2. Nf3 Nc6 3. Bb5 a6 4. Ba4 Nf6 5. d3 Bc5 6. 0-0 b5 7. Bb3 d6 8. a4 Na5 9. Ba2 bxa4 10. Nc3 Bd7 11. Bd2 Nb7 12. Bc4 Na5 13. Ba2 Bb6 14. Bb1 Nc6 15. Nxa4 Ba7 16. Be3 0-0 17. Nc3 Bg4 18. h3 Bh5 19. Ne2 Bxf3 20. gxf3 Nh5 21. Ba2 Ne7 22. f4 Ng6 23. f5 Nh4 24. Nc3 Nf4 25. Bxf4 exf4 26. Qg4 c6 27. Qxf4 Qf6 28. Bb3 Bd4 29. Qg3 1/2-1/2

[Event "Asia Cities-ch 18th"]
[Site "Tagaytay City"]
[Date "2013.10.23"]
[Round "6.1"]
[White "Faisal, Abdulla Kashwani"]
[Black "Sultan, Ibrahim"]
[Result "1-0"]
[WhiteElo "2264"]
[BlackElo "1931"]
[PlyCount "57"]
[EventDate "2013.10.20"]
[EventType "team-swiss"]
[EventRounds "9"]
[EventCountry "PHI"]
[SourceTitle "EXT 2014"]
[Source "ChessBase"]
[SourceDate "2013.11.20"]
[SourceVersion "1"]
[SourceVersionDate "2013.11.20"]
[SourceQuality "1"]
[WhiteTeam "Abu Dhabi"]
[BlackTeam "Dubai"]
[WhiteTeamCountry "UAE"]
[BlackTeamCountry "UAE"]

1. e4 e6 2. d4 d5 3. Nd2 Nf6 4. e5 Nfd7 5. Bd3 c5 6. c3 Nc6 7. Ne2 cxd4 8. cxd4 f6 9. exf6 Nxf6 10. 0-0 Bd6 11. Nf3 Qc7 12. g3 0-0 13. Bf4 Bxf4 14. Nxf4 Ng4 15. Bxh7+ Kxh7 16. Ng5+ Kg8 17. Qxg4 Rf6 18. Qh5 g6 19. Nxg6 Qg7 20. Ne5 Nxd4 21. Rac1 Rh6 22. Qe8+ Qf8 23. Qxf8+ Kxf8 24. Rc7 b6 25. Kg2 Ba6 26. Rfc1 Nb5 27. Rd7 Ke8 28. a4 Nd4 29. Rcc7 1-0

[Event "World Cities-ch GpA"]
[Site "Al Ain"]
[Date "2012.12.24"]
[Round "3.7"]
[White "Williams, Simon Kim"]
[Black "Faisal, Abdulla Kashwani"]
[Result "1-0"]
[WhiteElo "2515"]
[BlackElo "2255"]
[PlyCount "51"]
[EventDate "2012.12.22"]
[EventType "team-tourn"]
[EventRounds "3"]
[EventCountry "UAE"]
[SourceTitle "CBM 152"]
[Source "ChessBase"]
[SourceDate "2013.01.15"]
[SourceVersion "1"]
[SourceVersionDate "2013.01.15"]
[SourceQuality "1"]
[WhiteTeam "London"]
[BlackTeam "Al Ain"]
[WhiteTeamCountry "ENG"]
[BlackTeamCountry "UAE"]

1. c4 Nf6 2. Nc3 e6 3. e4 d5 4. e5 d4 5. exf6 dxc3 6. bxc3 Qxf6 7. d4 e5 8. Nf3 Nc6 9. Bg5 Qg6 10. d5 Nb8 11. Bd3 Bf5 12. Qa4+ Nd7 13. 0-0 Bd6 14. Nh4 Qxg5 15. Nxf5 Kd8 16. Rab1 Nc5 17. Nxd6 cxd6 18. Qa5+ Kc8 19. Rb5 Qe7 20. Bf5+ Kb8 21. Rfb1 g6 22. Rxc5 dxc5 23. d6 Qd8 24. Qa6 b6 25. Be4 Qd7 26. Rxb6+ 1-0

[Event "UAE President Cup"]
[Site "Abu Dhabi"]
[Date "2012.07.01"]
[Round "5"]
[White "Faisal, Abdulla Kashwani"]
[Black "Salem, AR Saleh"]
[Result "0-1"]
[WhiteElo "2240"]
[BlackElo "2528"]
[PlyCount "44"]
[EventDate "2012.06.28"]
[EventType "swiss"]
[EventRounds "9"]
[EventCountry "UAE"]
[SourceTitle "CBM 149 Extra"]
[Source "ChessBase"]
[SourceDate "2012.08.24"]
[SourceVersion "1"]
[SourceVersionDate "2012.08.24"]
[SourceQuality "1"]

1. d4 Nf6 2. c4 g6 3. Nc3 d5 4. cxd5 Nxd5 5. e4 Nxc3 6. bxc3 Bg7 7. Nf3 c5 8. Bb5+ Nd7 9. 0-0 0-0 10. a4 a6 11. Be2 b6 12. Ra2 Bb7 13. Qd3 Nf6 14. e5 Ne4 15. Be3 Rc8 16. Rb2 cxd4 17. Bxd4 Nxc3 18. Bxc3 Qxd3 19. Bxd3 Rxc3 20. Be2 Bxf3 21. Bxf3 Rb8 22. Re1 Bxe5 0-1

[Event "Arab Games"]
[Site "Doha"]
[Date "2011.12.16"]
[Round "4"]
[White "Mansour, Sameer"]
[Black "Faisal, Abdulla Kashwani"]
[Result "1/2-1/2"]
[WhiteElo "2284"]
[BlackElo "2247"]
[PlyCount "59"]
[EventDate "2011.12.13"]
[EventType "team-swiss"]
[EventRounds "9"]
[EventCountry "QAT"]
[SourceTitle "CBM 145 Extra"]
[Source "ChessBase"]
[SourceDate "2012.01.03"]
[SourceVersion "1"]
[SourceVersionDate "2012.01.03"]
[SourceQuality "1"]
[WhiteTeam "Jordan"]
[BlackTeam "United Arab Emirates"]
[WhiteTeamCountry "JOR"]
[BlackTeamCountry "UAE"]

1. Nf3 Nf6 2. b3 d6 3. Bb2 e5 4. d3 g6 5. g3 Bg7 6. Bg2 0-0 7. c4 Re8 8. 0-0 Nc6 9. Nbd2 h6 10. a3 a5 11. Qc2 Be6 12. Bc3 Qd7 13. b4 Bh3 14. Qb2 Bxg2 15. Kxg2 d5 16. Nb3 d4 17. Be1 e4 18. Ng1 a4 19. Nc5 Qf5 20. Qc2 b6 21. Nxe4 Nxe4 22. dxe4 Qxe4+ 23. Qxe4 Rxe4 24. Rc1 Rd8 25. b5 Ne5 26. Bb4 d3 27. exd3 Nxd3 28. Rb1 Ree8 29. Nh3 Bf8 30. Bxf8 1/2-1/2

[Event "Arab Games"]
[Site "Doha"]
[Date "2011.12.13"]
[Round "1"]
[White "Hemam, Moulaye Brahim"]
[Black "Faisal, Abdulla Kashwani"]
[Result "1-0"]
[WhiteElo "2018"]
[BlackElo "2247"]
[PlyCount "75"]
[EventDate "2011.12.13"]
[EventType "team-swiss"]
[EventRounds "9"]
[EventCountry "QAT"]
[SourceTitle "CBM 145 Extra"]
[Source "ChessBase"]
[SourceDate "2012.01.03"]
[SourceVersion "1"]
[SourceVersionDate "2012.01.03"]
[SourceQuality "1"]
[WhiteTeam "Mauritania"]
[BlackTeam "United Arab Emirates"]
[WhiteTeamCountry "MAU"]
[BlackTeamCountry "UAE"]

1. d4 Nf6 2. Nf3 e6 3. g3 b5 4. Bg2 d5 5. 0-0 Nbd7 6. a4 b4 7. c4 bxc3 8. Nxc3 Be7 9. Bf4 c6 10. Qc2 0-0 11. e4 Ba6 12. Rfc1 Rc8 13. Bf1 Bxf1 14. Rxf1 dxe4 15. Nxe4 c5 16. Nxc5 Nxc5 17. dxc5 Bxc5 18. Bg5 Qd5 19. Bxf6 Qxf3 20. Bc3 Bb4 21. Qd1 Qb7 22. Qb3 Rb8 23. Be5 Rbc8 24. Bd6 a5 25. Bxf8 Rxf8 26. Rac1 h5 27. Rc4 Rd8 28. Rd1 Rxd1+ 29. Qxd1 g6 30. Qd8+ Bf8 31. Qxa5 Qxb2 32. Qa8 Kg7 33. Qe4 Qa2 34. Kg2 Qa3 35. Rc7 Qd6 36. Qb7 h4 37. Rxf7+ Kh6 38. Rh7+ 1-0

[Event "Dubai op U14 10th"]
[Site "Dubai"]
[Date "2011.07.03"]
[Round "1"]
[White "Osmak, Iulija"]
[Black "Faisal, Abdulla Kashwani"]
[Result "1-0"]
[WhiteElo "2020"]
[BlackElo "2271"]
[PlyCount "29"]
[EventDate "2011.07.03"]
[EventType "swiss"]
[EventRounds "9"]
[EventCountry "UAE"]
[SourceTitle "CBM 143 Extra"]
[Source "ChessBase"]
[SourceDate "2011.08.29"]
[SourceVersion "1"]
[SourceVersionDate "2011.08.29"]
[SourceQuality "1"]

1. b4 e5 2. Bb2 Bxb4 3. Bxe5 Ne7 4. Bxg7 Rg8 5. Bc3 Ba3 6. Nxa3 Rg6 7. Nf3 Rb6 8. e4 Re6 9. Ng5 Rg6 10. Nxh7 Rg4 11. Qxg4 Ng6 12. Bf6 Ne7 13. Nc4 Nbc6 14. Qg7 Ng6 15. Qxf7+ 1-0

[Event "Asia Cities-ch 17th"]
[Site "Jakarta"]
[Date "2011.04.27"]
[Round "8.9"]
[White "Faisal, Abdulla Kashwani"]
[Black "Pg, L Wijaya Pg Hj Mohd"]
[Result "1-0"]
[WhiteElo "2275"]
[BlackElo "2301"]
[PlyCount "75"]
[EventDate "2011.04.22"]
[EventType "team-swiss"]
[EventRounds "9"]
[EventCountry "INA"]
[SourceTitle "CBM 142 Extra"]
[Source "ChessBase"]
[SourceDate "2011.06.27"]
[SourceVersion "1"]
[SourceVersionDate "2011.06.27"]
[SourceQuality "1"]
[WhiteTeam "Abu Dhabi"]
[BlackTeam "Bandar Seri Begawan"]
[WhiteTeamCountry "UAE"]
[BlackTeamCountry "BRN"]

1. e4 c5 2. Nf3 Nc6 3. d4 cxd4 4. Nxd4 Qb6 5. Nb3 e5 6. Be3 Qc7 7. c4 Nf6 8. Bd3 Bb4+ 9. N3d2 Qd6 10. Bc2 Nd4 11. 0-0 0-0 12. a3 Nxc2 13. Qxc2 Bc5 14. Bg5 h6 15. Bh4 g5 16. Bg3 Nh5 17. Nc3 Nxg3 18. hxg3 b6 19. b4 Bd4 20. Nb5 Qc6 21. Nxd4 exd4 22. Qd3 Bb7 23. Qxd4 Qe6 24. Rfe1 Rac8 25. Qd3 Ba6 26. Rac1 Bb7 27. Nb3 Rfe8 28. f3 Ba6 29. b5 Bb7 30. Nd4 Qe5 31. Nf5 Rc7 32. Nxh6+ Kg7 33. Nf5+ Kg8 34. Red1 f6 35. a4 Kh7 36. Qd4 Kg6 37. Kf2 Qe6 38. Rh1 1-0

[Event "Asia Cities-ch 17th"]
[Site "Jakarta"]
[Date "2011.04.26"]
[Round "6.7"]
[White "Lane, Gary William"]
[Black "Faisal, Abdulla Kashwani"]
[Result "1/2-1/2"]
[WhiteElo "2366"]
[BlackElo "2275"]
[PlyCount "58"]
[EventDate "2011.04.22"]
[EventType "team-swiss"]
[EventRounds "9"]
[EventCountry "INA"]
[SourceTitle "CBM 142 Extra"]
[Source "ChessBase"]
[SourceDate "2011.06.27"]
[SourceVersion "1"]
[SourceVersionDate "2011.06.27"]
[SourceQuality "1"]
[WhiteTeam "Sydney"]
[BlackTeam "Abu Dhabi"]
[WhiteTeamCountry "AUS"]
[BlackTeamCountry "UAE"]

1. e4 c5 2. Nf3 e6 3. d4 cxd4 4. Nxd4 a6 5. Bd3 Qc7 6. 0-0 Nf6 7. Qe2 d6 8. c4 g6 9. Nc3 Bg7 10. Be3 0-0 11. Rac1 Nbd7 12. Rfd1 b6 13. f3 Bb7 14. Qf2 Rad8 15. Bf1 Rfe8 16. b4 Qb8 17. Na4 Ba8 18. Nb3 d5 19. exd5 b5 20. Ba7 Qf4 21. g3 Qg5 22. Nb6 bxc4 23. Bxc4 Bxd5 24. Nxd5 Nxd5 25. Bxd5 exd5 26. Bd4 Nf6 27. Nc5 Rd6 28. a4 h5 29. h4 Qf5 1/2-1/2

[Event "Asia Cities-ch 17th"]
[Site "Jakarta"]
[Date "2011.04.23"]
[Round "3.3"]
[White "Moradiabadi, Elshan"]
[Black "Faisal, Abdulla Kashwani"]
[Result "1-0"]
[WhiteElo "2537"]
[BlackElo "2275"]
[PlyCount "107"]
[EventDate "2011.04.22"]
[EventType "team-swiss"]
[EventRounds "9"]
[EventCountry "INA"]
[SourceTitle "CBM 142 Extra"]
[Source "ChessBase"]
[SourceDate "2011.06.27"]
[SourceVersion "1"]
[SourceVersionDate "2011.06.27"]
[SourceQuality "1"]
[WhiteTeam "Tehran"]
[BlackTeam "Abu Dhabi"]
[WhiteTeamCountry "IRI"]
[BlackTeamCountry "UAE"]

1. d4 Nf6 2. c4 e6 3. g3 d5 4. Nf3 Bb4+ 5. Bd2 Be7 6. Bg2 0-0 7. 0-0 c6 8. Qb3 b6 9. Nc3 Ba6 10. cxd5 cxd5 11. Rfc1 Nc6 12. Nxd5 Qxd5 13. Qxd5 Nxd5 14. Rxc6 Bxe2 15. a4 Bb4 16. Be3 Rfc8 17. Ne5 Ne7 18. Rcc1 Rxc1+ 19. Rxc1 Rc8 20. Rxc8+ Nxc8 21. d5 Bd6 22. Bd4 f6 23. Nc6 exd5 24. Bxd5+ Kf8 25. Be4 h6 26. Kg2 Ba6 27. Kf3 Bb7 28. Nd8 Bxe4+ 29. Kxe4 Ke7 30. Nc6+ Ke6 31. Be3 f5+ 32. Kd3 Kd5 33. Nd4 g6 34. Ne2 Ne7 35. Bd2 g5 36. Nc3+ Kc6 37. Nb5 Bb8 38. Kc4 a6 39. Nd4+ Kd7 40. b4 f4 41. g4 Ng8 42. f3 Ne7 43. b5 axb5+ 44. axb5 Be5 45. Nf5 Nxf5 46. gxf5 Ke7 47. Kd5 Kf6 48. Ke4 h5 49. h3 Bc7 50. Bc3+ Kf7 51. Bd4 Bd8 52. Kd5 Bf6 53. Bxb6 Bc3 54. Ke4 1-0